MARC

LEADER 00000nam0a2200000 4500
001 82372
005 20231031095646.0
035 |a (RuTPU)RU\TPU\book\88518 
090 |a 82372 
100 |a 20051003d1958 m y0rusy50 ca 
101 0 |a rus 
102 |a RU 
105 |a a j 001zy 
200 1 |a Обработка металлов резанием  |e учебное пособие  |f под ред. В. А. Кривоухова 
210 |a Москва  |c Оборонгиз  |d 1958 
215 |a 627 с.  |c ил. 
320 |a Библиогр.: с. 620-621 
610 1 |a резание 
610 1 |a обработка 
610 1 |a материалы 
610 1 |a металлы 
610 1 |a строгание 
610 1 |a долбление 
610 1 |a сверление 
610 1 |a зенкерование 
610 1 |a металлорежущие инструменты 
610 1 |a металлорежущие станки 
610 1 |a скорость 
675 |a 621.9.06  |v 3 
702 1 |a Кривоухов  |b В. А.  |g Василий Александрович  |4 340 
801 1 |a RU  |b 63413507  |c 20051003  |g PSBO 
801 2 |a RU  |b 63413507  |c 20130524  |g RCR 
942 |c BK